Trang vàng địa chỉ Internet

Na minha lista:
Detalhes bibliográficos
Autor principal: NGUYỄN SANH PHÚC
Formato: Livro
Idioma:Undetermined
Publicado em: Văn hóa thông tin 2001
Tags: Adicionar Tag
Sem tags, seja o primeiro a adicionar uma tag!
Thư viện lưu trữ: Trung tâm Học liệu Trường Đại học Cần Thơ
LEADER 00445nam a2200145Ia 4500
001 CTU_48407
008 210402s9999 xx 000 0 und d
082 |a 025.0294 
082 |b Ph506t 
100 |a NGUYỄN SANH PHÚC 
245 0 |a Trang vàng địa chỉ Internet 
245 0 |c NGUYỄN SANH PHÚC, Trương Thanh Hà 
260 |b Văn hóa thông tin 
260 |c 2001 
980 |a Trung tâm Học liệu Trường Đại học Cần Thơ